Normal view
MARC view
- Afro-Amerikalı kadınlar
Entry Topical Term
001 - CONTROL NUMBER
- control field: 116954
003 - CONTROL NUMBER IDENTIFIER
- control field: TR-AnTOB
005 - DATE AND TIME OF LATEST TRANSACTION
- control field: 20191122091802.0
008 - FIXED-LENGTH DATA ELEMENTS
- fixed length control field: 170303n|eacannbab| |a aaa
040 ## - CATALOGING SOURCE
- Original cataloging agency: TR-AnTOB
150 ## - HEADING--TOPICAL TERM
- Topical term or geographic name entry element: Afro-Amerikalı kadınlar
- Form subdivision: Roman



